000 00659cam a2200241 4500
001 J61611
008 000000n1998 000 0 eng u
035 _a(Sirsi) u106537
041 _aeng
050 _a306.1
110 _aDepartment of Environment
_91152
245 _aEnglish house condition survey 1996 : supporting tabulations to the main report
260 _aLondon
_bDepartment of the Environment
_c1998
300 _ac.150p. ; 30cm.
350 _a0
650 _aENGLISH HOUSE CONDITION SURVEY
650 _aHOUSING STOCK
650 _aHOUSING
650 _aSTATISTICS
650 _aUNFIT DWELLINGS
690 _aHOUSING
942 _n0
999 _c100574
_d100574